00676nam a2200205 i 4500001001000000003000900010005001700019007000300036008004100039040003000080082001400110100004600124245008000170264004100250300006100291336002700352337003300379338002800412504003000440000029583DO-SdBNP20230920134353.0ta110419s1988 dr abc 000 0 spa d aDO-SdBNPbspacBNPHUerda 4bT266s2221 aTejeda Franjul, José Carmen del,eautor10aSabana Buey Baní :bescenario patrio /cJosé del Carmen Tejeda Franjul. aSanto Domingo :bLa Integral,c1988. a94 páginas :bilustraciones, mapas, retratos ;c22 cm. 2rdacontentatextobtxt 2rdamediaasin mediaciónbn 2rdacarrieravolumenbnc aBibliografía : p. 79-80